Phân tích một số chỉ tiêu đánh giá chất lượng nước ở sông Cu Đê

Tìm hiểu về môi trường nước tại sông Cu Đê. Tìm hiểu về các hoạt động kinh tế - xã hội quanh lưu vực sông. Phân tích một số chỉ tiêu hóa học để đánh giá chất lượng nước sông tại khu vực. Đánh giá thống kê sai số các phương pháp phân tích....

Πλήρης περιγραφή

Αποθηκεύτηκε σε:
Λεπτομέρειες βιβλιογραφικής εγγραφής
Κύριος συγγραφέας: Nguyễn Thị Hồng Thắm
Άλλοι συγγραφείς: Phạm Thị H (Hướng dẫn)
Μορφή: Βιβλίο
Γλώσσα:Vietnamese
Έκδοση: Đà Nẵng Đại học Sư phạm, Đại học Đà Nẵng 2013
Θέματα:
Ετικέτες: Προσθήκη ετικέτας
Δεν υπάρχουν, Καταχωρήστε ετικέτα πρώτοι!
Thư viện lưu trữ: Mạng thư viện Đại học Đà Nẵng
LEADER 01781nam a2200349 4500
001 000018762
003 15197
005 20140109100139.0
008 131227s2013 viesd
041 |a vie 
082 1 4 |a 628.161  |b NG-T 
100 1 |a Nguyễn Thị Hồng Thắm 
245 1 0 |a Phân tích một số chỉ tiêu đánh giá chất lượng nước ở sông Cu Đê  |c Nguyễn Thị Hồng Thắm ; Phạm Thị Hà hướng dẫn  |k Khóa luận tốt nghiệp 
260 |a Đà Nẵng  |b Đại học Sư phạm, Đại học Đà Nẵng  |c 2013 
300 |a 42 tr., phụ lục 5 tr.  |b Hình mh.  |c 29 cm.  |e Bản tóm tắt 
500 |a Khóa luận tốt nghiệp đại học. Chuyên ngành: Cử nhân Hóa phân tích - Môi trường 
520 |a Tìm hiểu về môi trường nước tại sông Cu Đê. Tìm hiểu về các hoạt động kinh tế - xã hội quanh lưu vực sông. Phân tích một số chỉ tiêu hóa học để đánh giá chất lượng nước sông tại khu vực. Đánh giá thống kê sai số các phương pháp phân tích. 
650 0 4 |a Nước  |v Khóa luận tốt nghiệp  |x Phân tích  |z Sông Cu Đê 
653 |a Khoa Hóa 
653 |a Nước 
653 |a Chỉ tiêu đánh giá 
700 1 |a Phạm Thị Hà  |e Hướng dẫn 
OWN |a LSP 
AVA |a UDN50  |b LSP  |d 628.161 NG-T  |e available  |t Error 5001 Not defined in file expand_doc_bib_avail.  |f 1  |g 0  |h N  |i 0  |k 1 
999 |a From the UDN01 
AVA |a UDN50  |b LSP  |d 628.161 NG-T  |e available  |t Error 5001 Not defined in file expand_doc_bib_avail.  |f 1  |g 0  |h N  |i 0  |k 1 
TYP |a Monograph 
TYP |a Printed language 
980 |a Mạng thư viện Đại học Đà Nẵng